000
00229nam a2200097Ia 4500
008
170619s9999 xx 000 0 und d
100
_a
Singh- Jasprit
245
0
_a
Semiconductor Optoelectronics
260
_b
London; MGH
260
_c
1995
546
_a
ENGLISH
999
_c
17699
_d
17699